|
|
|
|
| LEADER |
02649nam a22003853i 4500 |
| 001 |
EBC6637551 |
| 003 |
MiAaPQ |
| 005 |
20231204023216.0 |
| 006 |
m o d | |
| 007 |
cr cnu|||||||| |
| 008 |
231204s2020 xx o ||||0 ger d |
| 020 |
|
|
|a 9783110664546
|q (electronic bk.)
|
| 035 |
|
|
|a (MiAaPQ)EBC6637551
|
| 035 |
|
|
|a (Au-PeEL)EBL6637551
|
| 035 |
|
|
|a (OCoLC)1158129762
|
| 040 |
|
|
|a MiAaPQ
|b eng
|e rda
|e pn
|c MiAaPQ
|d MiAaPQ
|
| 100 |
1 |
|
|a Hrncal, Christine.
|
| 245 |
1 |
0 |
|a Bewertungsinteraktionen in der Theaterpause :
|b Eine Gesprächsanalytische Untersuchung Von Pausengesprächen Im Theaterfoyer.
|
| 250 |
|
|
|a 1st ed.
|
| 264 |
|
1 |
|a Berlin/Boston :
|b Walter de Gruyter GmbH,
|c 2020.
|
| 264 |
|
4 |
|c {copy}2020.
|
| 300 |
|
|
|a 1 online resource (318 pages)
|
| 336 |
|
|
|a text
|b txt
|2 rdacontent
|
| 337 |
|
|
|a computer
|b c
|2 rdamedia
|
| 338 |
|
|
|a online resource
|b cr
|2 rdacarrier
|
| 490 |
1 |
|
|a Empirische Linguistik / Empirical Linguistics Series ;
|v v.11
|
| 505 |
0 |
|
|a Intro -- Vorwort -- Inhaltsverzeichnis -- 1. Einleitung -- 2. Bewerten -- 3. Bewerten im Kontext von Aneignungskommunikation -- 4. Bewerten im Kontext geselliger Interaktion -- 5. Methodische Basis -- 6. Datengrundlage -- 7. Kommunikative Verfahren und sprachliche Mittel zur Realisierung des Bewertens in Pausengesprächen im Theater -- 8. Bewertungsinteraktionen in Pausengesprächen im Theater -- 9. Schlussbetrachtung: Charakteristika von Bewertungsinteraktionen in Pausengesprächen im Theater -- 10. Literaturverzeichnis -- Register.
|
| 520 |
|
|
|a Die empirische, auf qualitative oder quantitative Korpusanalyse gestützte Beschreibung von geschriebener und gesprochener Sprache hat sich in der Sprachwissenschaft als zentrales Paradigma etabliert. Die Reihe bietet eine Plattform für synchron-linguistische Ansätze und interdisziplinäre Arbeiten mit linguistischem Schwerpunkt, die innovative Wege empirischen Arbeitens aufzeigen und neue Methoden und Modelle anhand von Datenmaterial entwickeln.
|
| 588 |
|
|
|a Description based on publisher supplied metadata and other sources.
|
| 590 |
|
|
|a Electronic reproduction. Ann Arbor, Michigan : ProQuest Ebook Central, 2023. Available via World Wide Web. Access may be limited to ProQuest Ebook Central affiliated libraries.
|
| 655 |
|
4 |
|a Electronic books.
|
| 776 |
0 |
8 |
|i Print version:
|a Hrncal, Christine
|t Bewertungsinteraktionen in der Theaterpause
|d Berlin/Boston : Walter de Gruyter GmbH,c2020
|
| 797 |
2 |
|
|a ProQuest (Firm)
|
| 830 |
|
0 |
|a Empirische Linguistik / Empirical Linguistics Series
|
| 856 |
4 |
0 |
|u https://ebookcentral.proquest.com/lib/matrademy/detail.action?docID=6637551
|z Click to View
|